| 000 | 01175nam a2200289 i 4500 | ||
|---|---|---|---|
| 001 | 178848 | ||
| 003 | ES-MaACL | ||
| 005 | 20260212115754.0 | ||
| 008 | 110718s2009 sp a |||| |dspa d | ||
| 020 | _a978-84-7090-486-8 | ||
| 080 | _a001(460)"1931/39" | ||
| 080 | _a821.134.2.09"19" | ||
| 245 | 0 | 3 |
_aLa República y la cultura : _bpaz, guerra y exilio / _cJulio Rodríguez Puértolas (coord.). |
| 260 |
_aTres Cantos, Madrid : _bIstmo, _c[2009] |
||
| 300 |
_a832 p. : _bil. ; _c24 cm. |
||
| 500 | _aÍndice disponible en Dialnet. | ||
| 504 | _aReferencias bibliográficas. | ||
| 650 | 7 |
_aLiteratura española- _yS.XX- _xHistoria y crítica. _9141686 |
|
| 651 | 7 |
_aEspaña- _xVida intelectual- _y1931-1939. _9147372 |
|
| 700 | 1 |
_aRodríguez Puértolas, Julio. _998746 |
|
| 710 | 2 |
_aUniversidad Autónoma de Madrid. _97060 |
|
| 852 | 4 |
_aES-MaACL _9185713 _bR.145857 _jA-11359 _cDEPO1 _dOlim: N-4363 |
|
| 856 | 4 |
_uhttps://dialnet.unirioja.es/servlet/libro?codigo=421683&utm_source=catalogo.bne.es&utm_medium=libro&utm_campaign=Dialnet_Widgets _yÍndice Dialnet |
|
| 942 |
_2udc _cMONOGRAFIA |
||
| 999 |
_c178848 _d178848 |
||